Online Catalogue and eLibrary

Anna Karenina (Record no. 5990)

MARC details
000 -LEADER
fixed length control field 00389nam a22001577a 4500
005 - DATE AND TIME OF LATEST TRANSACTION
control field 20250310032507.0
008 - FIXED-LENGTH DATA ELEMENTS--GENERAL INFORMATION
fixed length control field 250310b |||||||| |||| 00| 0 eng d
020 ## - INTERNATIONAL STANDARD BOOK NUMBER
ISBN 9552101999
082 ## - DDC Classification
DDC Edition Number 22
Class No. 891
Item Number - Author Mark ANN
100 ## - MAIN ENTRY--PERSONAL NAME
Personal name Toster, L
245 ## - TITLE STATEMENT
Title Anna Karenina
260 ## - PUBLICATION, DISTRIBUTION, ETC.
Place of publication, distribution, etc. Nugegoda
Name of publisher, distributor, etc. M.D.Gunasena & co
Date of publication, distribution, etc. 1992
300 ## - PHYSICAL DESCRIPTION
Extent (e.g. Volumes, Pages etc.) xi, 475 p .,
500 ## - GENERAL NOTE
General note Novel based on Anna Karenina
942 ## - Koha item type (Biblio)
Koha item type Books in Stacks (Lending)
Holdings
Lost status Damaged status Collection code Home library Current library Date acquired Full call number Accession Number Item type
    Lending WERC Library WERC Library 03/10/2025 891 ANN 1031 Books in Stacks (Lending)

© WERC Library